Регионална библиотека "Любен Каравелов" - Русе

Магьосно цвете (Запис номер 189203)

MARC детайли
000 -Лидер
Контролно поле с фиксирана дължина 01369nam a2200301 c 4500
003 - Код на организацията, давaща контролен номер
Контролно поле BLK
005 - Дата и час на последна редакция
Контролно поле 20180422115633.0
008 - Елементи от данни с фиксирана дължина
fixed length control field 180411b bul|||||r ||||||| ||bul||
010 ## - Наследен системен номер
LC control number KNG00198227000
040 ## - Източник на каталожния запис
Идентификатор на билиотеката - собственик на записа BLK
041 ## - Код за език
Код за езика на текст/звукозапис или на отделно заглавие Български
Код за езика КДБФ Български
080 ## - УДК
Текстов определител УДК Руска литература
УДК код - определител по УДК 821.161.1
УДК определител -32
УДК - код + определител 821.161.1-32
100 1# - Редна дума - Автор
Автор Шишков, Вячеслав Яковлевич
Авторска отговорност първи автор
R(LIN) 344753
139 ## - Редно поле
Редна дума Шишков, Вячеслав Яковлевич
Авторски знак Шиш - Ш 69
245 10 - Сведения за заглавието
Заглавие Магьосно цвете
Подзаглавни данни Повести и разкази
Редно поле (дума) Вячеслав Яковлевич Шишков; прев. от рус. Иван Бояджиев; предг. от Христо Стефанов.
257 ## - Страна на издаване
Страна на създаване/издаване СССР
260 ## - Област на издателските данни
-- София
Име на издателя, разпространителя и проч. Нар. култура
Година на издаване 1983
Печатница Варна : Ст. Добрев-Странджата
300 ## - Физическа характеристика
Страници 296 с., 1 л.
Илюстрации и др. портр.
Размери/Мащаб 21 см
380 ## - Жанр
Жанр Худож. лит.
500 ## - Общи забележки
Забележка Прев. е направен от Избранные сочинения в 4 т. ; Рассказы / В. Я. Шишков. - 13 125 тир.
700 1# - Други автори (авторска отговорност)
Лично име Бояджиев, Иван
Автороска отговорност (Описва отношението между автора и произведението) прев. от рус.
9 (RLIN) 377171
700 1# - Други автори (авторска отговорност)
Лично име Стефанов, Христо
Автороска отговорност (Описва отношението между автора и произведението) предг. от
9 (RLIN) 367332
852 ## - Местоположение
Форматна сигнатура Цб 124325
856 4# - Електронен адрес и достъп
Електронен формат pdf - файл
Път до файла /url/
856 4# - Електронен адрес и достъп
Електронен формат pdf - файл
Път до файла /url/
942 ## - АРТИКУЛИ
Вид на библиотечния материал Книги
Скрит в OPAC Не
944 ## - СЪЗДАВАНЕ И РЕДАКЦИЯ на ЗАПИСА
Създаване/Редакция Създаване
Дата на регистрацията/редакция 14.12.2016
Служител, извършил регистрацията/редакцията Кети_Илиева
944 ## - СЪЗДАВАНЕ И РЕДАКЦИЯ на ЗАПИСА
Създаване/Редакция Редакция
Дата на регистрацията/редакция 14.12.2016
Служител, извършил регистрацията/редакцията Кети_Илиева
999 ## - СИСТЕМНИ КОНТРОЛНИ НОМЕРА
Koha biblionumber 189203
Koha biblioitemnumber 189203
Наличности
Код за отписване Код за изгубен артикул Източник на класификационната схема Код за повреда Коз за рестрикции Код за отдаване Артикулен № Име на библиотеката - собственик Име на библиотеката, в която се намира в момента Статус (Текущо местоположение) Дата на вписване в системата Местоположение - отдел Цена в лева Инвентарен номер Систематично азбучна сигнатура Баркод Номер на екземпляра Цена в евро Служебна бележка Служебен тип на артикула Бележка за публиката
  Не е изгубен Universal Decimal Classification Не е повреден без рестрикции ползва се в читалня 332862 Регионална библиотека "Любен Каравелов" Русе Регионална библиотека "Любен Каравелов" Русе Хранилище 1983-01-01 Основен фонд - ползва се само за читалня 2.57 388613 Цб 124325 120000388613 1 1.31 Вид: Сф Дата: 01.01.1983 Книги  
Изтеглен Не е изгубен   Не е повреден без рестрикции заемане за дома 332863 Регионална библиотека "Любен Каравелов" Русе Регионална библиотека "Любен Каравелов" Русе   1983-01-01 Заемна - подръчен фонд 2.57 389112 П 882-31/Ш 69 389112 2 1.31 Вид: Сф Дата: 01.01.1983 Книги Отч.N: 6/2018 , Дата: 22.01.2018
  Не е изгубен Universal Decimal Classification Не е повреден без рестрикции заемане за дома 332864 Регионална библиотека "Любен Каравелов" Русе Регионална библиотека "Любен Каравелов" Русе Заемна - подръчен фонд 1983-01-01 Заемна - подръчен фонд 2.57 389116 П 882-31/Ш 69 120000389116 3 1.31 Вид: Сф Дата: 01.01.1983 Дата инв: 09.02.2018 Бележки инв: П2018 Книги  
Vip Innovations Ltd, Rousse, Bulgaria 2025